Normal view
MARC view
Entry Topical Term
001 - CONTROL NUMBER
- control field: 8734
003 - CONTROL NUMBER IDENTIFIER
- control field: ARRUPE
005 - DATE AND TIME OF LATEST TRANSACTION
- control field: 20140218144438.0
008 - FIXED-LENGTH DATA ELEMENTS
- fixed length control field: 140218|| aca||aabn | a|a d
040 ## - CATALOGING SOURCE
- Original cataloging agency: ARRUPE
- Transcribing agency: ARRUPE
150 ## - HEADING--TOPICAL TERM
- Topical term or geographic name as entry element: Church and England
- General subdivision: Doctrines
670 ## - SOURCE DATA FOUND
- Source citation: Work cat.: (ARRUPE)0: Robinson, V. Gene, 1947- 8732, In the eye of the storm :, c2008.